000 00202nam a2200109Ia 4500
100 _a#N/A
942 _cBK
245 _aDigit Dec 2013 PDF Archives
260 _b#N/A
546 _aENGLISH
999 _c25440
_d25440